|
|
|
|
| LEADER |
00000cam a2200000 7i4500 |
| 001 |
0000040099 |
| 005 |
20140310.0 |
| 008 |
140310 |
| 020 |
|
|
|a 9676126764
|
| 090 |
0 |
0 |
|a 745.5943
|b ROS
|
| 100 |
0 |
|
|a Rosnani Amnan
|
| 245 |
1 |
0 |
|a A-Z bunga stoking
|c Rosnani Aman
|
| 260 |
|
|
|a KL :
|b Utusan Publications & Distributors Sdn Bhd ,
|c 2014
|
| 650 |
|
0 |
|a Artificial flowers
|
| 650 |
|
0 |
|a Fabric flowers
|
| 650 |
|
0 |
|a Handicraft
|
| 999 |
|
|
|a 0001275412
|b Book
|c Adult Collection
|e Cawangan Segamat
|
| 999 |
|
|
|a 0001275413
|b Book
|c Adult Collection
|e Cawangan Tmn. Ungku Tun Aminah
|
| 999 |
|
|
|a 0001275415
|b Book
|c Adult Collection
|e Cawangan Kota Tinggi
|
| 999 |
|
|
|a 0001275416
|b Book
|c Adult Collection
|e Cawangan Bukit Gambir
|
| 999 |
|
|
|a 0001275418
|b Book
|c Adult Collection
|e Cawangan Batu Pahat
|
| 999 |
|
|
|a 0001275419
|b Book
|c Adult Collection
|e Cawangan Mersing
|
| 999 |
|
|
|a 0001275421
|b Book
|c Adult Collection
|e Cawangan Taman Sri Lambak
|
| 999 |
|
|
|a 0001275422
|b Book
|c Adult Collection
|e Cawangan Bandar Tenggara
|
| 999 |
|
|
|a 0001275423
|b Book
|c Adult Collection
|e Cawangan Muar
|
| 999 |
|
|
|a 0001275424
|b Book
|c Adult Collection
|e Cawangan Bandar Penawar
|
| 999 |
|
|
|a 0001279394
|b Book
|c Adult Collection
|e Perbadanan Perpustakaan Awam Johor
|
| 999 |
|
|
|a 0001279395
|b Book
|c Adult Collection
|e Perbadanan Perpustakaan Awam Johor
|
| 999 |
|
|
|a 0001279396
|b Book
|c Adult Collection
|e Cawangan Urban Transformation Centre
|